Locked Up Abroad Quiz Stats

 Plays Quiz Updated Nov 11, 2016

Also try: Famous Prisons
Challenge
Share
Tweet
Embed
Score 0/39 Timer 09:00
0 Plays Today
Foreign Prisoners Country % Correct
19.2%France
86%
26.3%Germany
84.1%
12.2%United Kingdom
81.5%
35.7%Spain
80.2%
36.9%Italy
78.5%
28.7%Sweden
74.1%
19.3%Australia
72.5%
32.6%Norway
71%
20.3%Portugal
69.5%
21.9%Denmark
64.9%
13%Ireland
64.7%
43.9%Greece
64.6%
70.2%Switzerland
63.4%
27.7%Netherlands
63.3%
45.8%Austria
60.6%
42.1%Belgium
60.3%
20%New Zealand
59.9%
72%Saudi Arabia
58.9%
69.5%Luxembourg
55.8%
83.3%Monaco
54.3%
Foreign Prisoners Country % Correct
17.7%Iceland
51.3%
92.2%United Arab Emirates
51%
81.7%Andorra
50.6%
16.3%Singapore
45.6%
30.3%Oman
44.6%
13.5%Kuwait
39.7%
10.8%Slovenia
37.7%
53.2%Cyprus
36.8%
38%Lebanon
36%
30%Malaysia
34.8%
29.1%Libya
34.4%
14.2%Costa Rica
24.7%
29.6%Brunei
23.4%
19.3%Suriname
17.9%
17.2%Barbados
17.3%
30%Côte d'Ivoire
11.6%
30.6%Antigua and Barbuda
11.2%
66.7%The Gambia
10.5%
22.6%Botswana
10%

You're not logged in!

Compare scores with friends on all Sporcle quizzes.
Join for Free
OR
Log In

You Might Also Like...

Show Comments

Extras

Top Quizzes Today


Score Distribution

Your Account Isn't Verified!

In order to create a playlist on Sporcle, you need to verify the email address you used during registration. Go to your Sporcle Settings to finish the process.

Report this User

Report this user for behavior that violates our Community Guidelines.

Details: